8TURN all songs (March 2025 update) - Statistics

General Stats
  • This quiz has been taken 8 times
  • The average score is 10 of 19
Answer Stats
Hint Answer % Correct
UNCHARTED DRIFT EXCEL
80%
2nd Digital Single Like a Friend
80%
8TURNRISE TIC TAC
80%
8TURNRISE HEARTACHE
60%
1st Single Album LEGGO
60%
STUNNING RU-PUM PUM
60%
8TURNRISE WE
60%
8TURNRISE WONDER
60%
UNCHARTED DRIFT WORLD
60%
Special Digital Single You Are My Reason
60%
STUNNING GLOW
40%
UNCHARTED DRIFT ING
40%
1st Single Album I Want You Now
40%
STUNNING NOM
40%
8TURNRISE SAY MY NAME
40%
UNCHARTED DRIFT SKETCH
40%
STUNNING THE GAME
40%
UNCHARTED DRIFT WALK IT OUT
40%
STUNNING WE HERE
40%
No matching quizzes found
Score Distribution
Percent of People with Each Score
Percentile by Number Answered
Your Score History
You have not taken this quiz